| 000 | 00420nam a2200169 a 4500 | ||
|---|---|---|---|
| 001 | 1389 | ||
| 003 | CO-ViMGA | ||
| 008 | 141112s2004 ck r 000 u spa d | ||
| 040 |
_aCO-ViMGA _bspa _cCO-ViMGA |
||
| 082 | 0 | 4 | _a658.4 A381 |
| 100 | 1 |
_aAguayo, Rafael _949627 |
|
| 245 | 1 | 0 | _aEl metodo Deming |
| 260 |
_aBogotá : _bJavier Vergara, _c1993 |
||
| 300 | _a341 p | ||
| 650 | 1 | 4 | _aADMINISTRACION MODERNA |
| 942 |
_2ddc _cBK |
||
| 999 |
_c13591 _d13591 |
||